[Event "SVK-chT2B 2324"]
[White "Barczi, Tibor"]
[Black "Kovac, Lubomir2"]
[Site "Slovakia"]
[Round "11.3"]
[Result "1/2-1/2"]
[Date "2024.03.17"]
[WhiteElo "1964"]
[BlackElo "2081"]
[PlyCount "49"]
[EventDate "2023.10.07"]
[EventType "team-tourn"]
[EventRounds "11"]
[EventCountry "SVK"]
[SourceTitle "EXT 2025"]
[Source "ChessBase"]
[SourceDate "2024.10.14"]
[SourceVersion "1"]
[SourceVersionDate "2024.10.14"]
[SourceQuality "1"]
[WhiteTeam "Batorove Kosihy"]
[BlackTeam "Ziharec"]
[WhiteTeamCountry "SVK"]
[BlackTeamCountry "SLO"]

1. e4 e5 2. Nc3 Nf6 3. Bc4 Nc6 4. d3 Na5 5. a3 Nxc4 6. dxc4 d6 7. Nge2 Be6 8. Qd3 h6 9. h3 Be7 10. Be3 Nd7 11. 0-0-0 Bg5 12. b3 Bxe3+ 13. Qxe3 a6 14. Nd5 Bxd5 15. cxd5 Qg5 16. Qxg5 hxg5 17. f3 Ke7 18. c4 b6 19. Kc2 g6 20. Nc1 Nf6 21. b4 Nh5 22. Nd3 Nf4 23. Rd2 Nxd3 24. Kxd3 a5 25. b5 1/2-1/2

[Event "SVK-chT2B 2324"]
[White "Barczi, Tibor"]
[Black "Laho, Maros"]
[Site "Slovakia"]
[Round "10.4"]
[Result "1/2-1/2"]
[Date "2024.03.16"]
[WhiteElo "1964"]
[BlackElo "2091"]
[PlyCount "72"]
[EventDate "2023.10.07"]
[EventType "team-tourn"]
[EventRounds "11"]
[EventCountry "SVK"]
[SourceTitle "EXT 2025"]
[Source "ChessBase"]
[SourceDate "2024.10.14"]
[SourceVersion "1"]
[SourceVersionDate "2024.10.14"]
[SourceQuality "1"]
[WhiteTeam "Batorove Kosihy"]
[BlackTeam "Surany"]
[WhiteTeamCountry "SVK"]
[BlackTeamCountry "SVK"]

1. e4 d6 2. d4 Nf6 3. Nc3 e5 4. dxe5 dxe5 5. Qxd8+ Kxd8 6. Bg5 Be6 7. 0-0-0+ Nbd7 8. Nf3 Kc8 9. Bh4 Bb4 10. Bd3 Bxc3 11. bxc3 Bg4 12. Rd2 Bxf3 13. gxf3 Nh5 14. Bc4 Nc5 15. Bxf7 Nf4 16. Rhd1 b6 17. Bd5 Nxd5 18. Rxd5 Rf8 19. Rxe5 Rxf3 20. Re7 Kb7 21. Bg3 Rc8 22. e5 Ne4 23. Rd3 Rxd3 24. cxd3 Nxc3 25. Kb2 Na4+ 26. Kc2 Nc5 27. d4 Ne4 28. Rxg7 Rd8 29. e6 Rxd4 30. Rxc7+ Ka6 31. Rxh7 Rd2+ 32. Kc1 Re2 33. e7 Nc3 34. f4 Nxa2+ 35. Kd1 Nc3+ 36. Kc1 Na2+ 1/2-1/2

[Event "SVK-chT2B 2223"]
[White "Bombek, Peter"]
[Black "Barczi, Tibor"]
[Site "Slovakia"]
[Round "2.4"]
[Result "1/2-1/2"]
[Date "2022.10.09"]
[WhiteElo "2092"]
[BlackElo "1975"]
[PlyCount "86"]
[EventDate "2022.10.08"]
[EventType "team-tourn"]
[EventRounds "11"]
[EventCountry "SVK"]
[SourceTitle "CBM 210 Extra"]
[Source "ChessBase"]
[SourceDate "2022.11.30"]
[SourceVersion "1"]
[SourceVersionDate "2022.11.30"]
[SourceQuality "1"]
[WhiteTeam "Belusa"]
[BlackTeam "Batorove Kosihy"]
[WhiteTeamCountry "SVK"]
[BlackTeamCountry "SVK"]

1. e4 c5 2. c3 e6 3. d4 d5 4. Bd3 Nc6 5. Ne2 cxd4 6. cxd4 dxe4 7. Bxe4 Bd7 8. Nbc3 Nf6 9. Bf3 Bd6 10. 0-0 a6 11. Bf4 Qc7 12. g3 0-0 13. Rc1 Rad8 14. Ne4 Nxe4 15. Bxe4 Bxf4 16. Nxf4 Qa5 17. d5 Ne7 18. Qb3 Bb5 19. Rfe1 Nxd5 20. Nxd5 exd5 21. Bg2 Bc4 22. Qxb7 Rb8 23. Qd7 Rxb2 24. Re5 Rbb8 25. Qg4 Qxa2 26. Qd4 a5 27. h4 Rfd8 28. h5 a4 29. h6 a3 30. g4 Qb2 31. Qe3 gxh6 32. g5 a2 33. gxh6 a1Q 34. Rxa1 Qxa1+ 35. Kh2 Kh8 36. Bh3 Rg8 37. Be6 Rb3 38. Qf4 Rf8 39. Bxf7 Rxf7 40. Qg4 Rg7 41. Qf3 Rxf3 42. Re8+ Rg8 43. Re1 Qxe1 1/2-1/2

[Event "SVK-chT2B 2223"]
[White "Barczi, Tibor"]
[Black "Masarik, Drahoslav"]
[Site "Slovakia"]
[Round "1.4"]
[Result "1/2-1/2"]
[Date "2022.10.08"]
[WhiteElo "1975"]
[BlackElo "1876"]
[PlyCount "87"]
[EventDate "2022.10.08"]
[EventType "team-tourn"]
[EventRounds "11"]
[EventCountry "SVK"]
[SourceTitle "CBM 210 Extra"]
[Source "ChessBase"]
[SourceDate "2022.11.30"]
[SourceVersion "1"]
[SourceVersionDate "2022.11.30"]
[SourceQuality "1"]
[WhiteTeam "Batorove Kosihy"]
[BlackTeam "Povazske Podhradie"]
[WhiteTeamCountry "SVK"]
[BlackTeamCountry "SVK"]

1. e4 c5 2. Nf3 Nc6 3. c3 Nf6 4. e5 Nd5 5. Bc4 Nb6 6. Bb3 d5 7. exd6 Qxd6 8. 0-0 c4 9. Bc2 e5 10. Qe2 Bg4 11. Re1 Bxf3 12. Qxf3 Be7 13. Na3 Qf6 14. Qxf6 Bxf6 15. Re4 0-0-0 16. Nxc4 Nd5 17. Ba4 Rhe8 18. d4 Kc7 19. Ne3 Nb6 20. Bxc6 Kxc6 21. dxe5 Bxe5 22. Kf1 g6 23. Ng4 Bg7 24. Rxe8 Rxe8 25. Ne3 f5 26. g3 Na4 27. Ke2 b5 28. Kd3 a5 29. Kc2 Kc5 30. Bd2 b4 31. Kb3 bxc3 32. Rc1 Nxb2 33. Bxc3 Rb8+ 34. Ka3 Nd3 35. Rc2 Bxc3 36. Rxc3+ Kd4 37. Rc4+ Ke5 38. f4+ Ke6 39. Rc6+ Kd7 40. Ra6 Rb2 41. Rxa5 Kc6 42. Rd5 Rxa2+ 43. Kb3 Nc1+ 44. Kb4 1/2-1/2

[Event "SVK-chT1W 2122"]
[White "Kukel, Imre1"]
[Black "Barczi, Tibor"]
[Site "Slovakia"]
[Round "5.3"]
[Result "1-0"]
[Date "2022.03.19"]
[WhiteElo "2256"]
[BlackElo "2000"]
[PlyCount "55"]
[EventDate "2021.11.06"]
[EventType "team-tourn"]
[EventRounds "11"]
[EventCountry "SVK"]
[SourceTitle "EXT 2023"]
[Source "ChessBase"]
[SourceDate "2022.10.05"]
[SourceVersion "1"]
[SourceVersionDate "2022.10.05"]
[SourceQuality "1"]
[WhiteTeam "Komarno"]
[BlackTeam "Batorove Kosihy"]
[WhiteTeamCountry "SVK"]
[BlackTeamCountry "SVK"]

1. e4 c5 2. Nf3 Nc6 3. d4 cxd4 4. Nxd4 e5 5. Nb5 d6 6. a4 a6 7. N5a3 Be6 8. Bc4 Nf6 9. Nc3 Be7 10. Bd5 Bxd5 11. exd5 Nd4 12. 0-0 b5 13. Na2 bxa4 14. Nc3 Qd7 15. Nc4 Rb8 16. Nxa4 Qb5 17. Ne3 0-0 18. Nc3 Qb7 19. Qd3 Nb5 20. Ne2 Nd7 21. Nf5 Nc5 22. Qg3 g6 23. c4 Ne4 24. Nxe7+ Qxe7 25. Qe3 Nf6 26. cxb5 Nxd5 27. Qd2 Rxb5 28. Rxa6 1-0

[Event "SVK-chT1W 2122"]
[White "Skreno, Vladimir"]
[Black "Barczi, Tibor"]
[Site "Slovakia"]
[Round "3.3"]
[Result "1/2-1/2"]
[Date "2022.02.26"]
[WhiteElo "2101"]
[BlackElo "2000"]
[PlyCount "51"]
[EventDate "2021.11.06"]
[EventType "team-tourn"]
[EventRounds "11"]
[EventCountry "SVK"]
[SourceTitle "EXT 2023"]
[Source "ChessBase"]
[SourceDate "2022.10.05"]
[SourceVersion "1"]
[SourceVersionDate "2022.10.05"]
[SourceQuality "1"]
[WhiteTeam "Nitra NSK"]
[BlackTeam "Batorove Kosihy"]
[WhiteTeamCountry "SVK"]
[BlackTeamCountry "SVK"]

1. d4 f5 2. e4 fxe4 3. Nc3 Nf6 4. Bg5 g6 5. f3 d5 6. fxe4 Nxe4 7. Nxe4 dxe4 8. Bc4 Bg7 9. c3 Nc6 10. Ne2 Na5 11. Bb3 Bg4 12. 0-0 Nxb3 13. Qxb3 Bxe2 14. Qf7+ Kd7 15. Rf2 Bxd4 16. cxd4 Bd3 17. d5 Rf8 18. Qe6+ Ke8 19. Rxf8+ Kxf8 20. Bh6+ Ke8 21. Qg8+ Kd7 22. Qe6+ Ke8 23. Rd1 a5 24. Qg8+ Kd7 25. Qe6+ Ke8 26. Qg8+ 1/2-1/2

[Event "SVK-chT1W 1920"]
[White "Vymazal, Bronislav"]
[Black "Barczi, Tibor"]
[Site "Slovakia"]
[Round "10.3"]
[Result "1-0"]
[Date "2020.06.20"]
[WhiteElo "2348"]
[BlackElo "2060"]
[PlyCount "39"]
[EventDate "2019.10.12"]
[EventType "team-tourn"]
[EventRounds "11"]
[EventCountry "SVK"]
[SourceTitle "EXT 2022"]
[Source "ChessBase"]
[SourceDate "2021.10.06"]
[SourceVersion "1"]
[SourceVersionDate "2021.10.06"]
[SourceQuality "1"]
[WhiteTeam "Bratislava Lokomotiva"]
[BlackTeam "Batorove Kosihy"]
[WhiteTeamCountry "SVK"]
[BlackTeamCountry "SVK"]

1. e4 c5 2. Nf3 Nc6 3. Bb5 Nf6 4. e5 Nd5 5. 0-0 g6 6. Re1 Bg7 7. d3 0-0 8. Bd2 Qb6 9. Bc4 Qxb2 10. Bxd5 Nxe5 11. Nxe5 Bxe5 12. Nc3 Bxc3 13. Rb1 Qxb1 14. Qxb1 Bxd2 15. Rxe7 Bg5 16. Rxf7 Rxf7 17. Qb3 d6 18. Bxf7+ Kg7 19. Bg8 Kf6 20. Qf7+ 1-0

[Event "SVK-chT1W 1920"]
[White "Meszaros, Lorant"]
[Black "Barczi, Tibor"]
[Site "Slovakia"]
[Round "7.5"]
[Result "0-1"]
[Date "2020.01.25"]
[WhiteElo "1938"]
[BlackElo "2080"]
[PlyCount "66"]
[EventDate "2019.10.12"]
[EventType "team-tourn"]
[EventRounds "11"]
[EventCountry "SVK"]
[SourceTitle "CBM 194 Extra"]
[Source "ChessBase"]
[SourceDate "2020.03.31"]
[SourceVersion "1"]
[SourceVersionDate "2020.03.31"]
[SourceQuality "1"]
[WhiteTeam "Orechova Poton"]
[BlackTeam "Batorove Kosihy"]
[WhiteTeamCountry "SVK"]
[BlackTeamCountry "SVK"]

1. d4 d5 2. c4 e6 3. Nf3 Nf6 4. g3 Be7 5. Bg2 0-0 6. 0-0 c6 7. Nc3 Nbd7 8. b3 b6 9. Qc2 Ba6 10. Ne5 Nxe5 11. dxe5 Nd7 12. f4 Rc8 13. Nd1 Rc7 14. Be3 Qc8 15. Nb2 Rd8 16. Nd3 dxc4 17. bxc4 c5 18. a4 Nb8 19. g4 Nc6 20. Bxc6 Rxc6 21. Rf3 g6 22. h4 Rc7 23. h5 gxh5 24. g5 Rcd7 25. Rh3 Qc6 26. Kf2 Qe4 27. Rc1 Bb7 28. Rg1 Qg6 29. Qc3 Be4 30. Ne1 Rd1 31. Nf3 Rxg1 32. Nh4 Rdd1 33. Bd2 Qg7 0-1

[Event "SVK-chT1W 1920"]
[White "Barczi, Tibor"]
[Black "Jablonicky, Martin"]
[Site "Slovakia"]
[Round "4.2"]
[Result "0-1"]
[Date "2019.11.10"]
[WhiteElo "2047"]
[BlackElo "2250"]
[PlyCount "74"]
[EventDate "2019.10.12"]
[EventType "team-tourn"]
[EventRounds "11"]
[EventCountry "SVK"]
[SourceTitle "CBM 193 Extra"]
[Source "ChessBase"]
[SourceDate "2020.01.31"]
[SourceVersion "1"]
[SourceVersionDate "2020.01.31"]
[SourceQuality "1"]
[WhiteTeam "Batorove Kosihy"]
[BlackTeam "Osuske"]
[WhiteTeamCountry "SVK"]
[BlackTeamCountry "SVK"]

1. e4 c5 2. Nf3 Nc6 3. d4 cxd4 4. Nxd4 e5 5. Nb5 d6 6. N1c3 a6 7. Na3 b5 8. Nd5 Nge7 9. Bg5 h6 10. Be3 Nxd5 11. Qxd5 Qc7 12. c3 Be6 13. Qd2 Rd8 14. Bd3 d5 15. Qe2 d4 16. cxd4 Bb4+ 17. Kf1 Nxd4 18. Bxd4 Rxd4 19. Nc2 Rxd3 20. Nxb4 Rd4 21. Nd5 Bxd5 22. exd5 Rxd5 23. h4 0-0 24. Rh3 Rfd8 25. Rc3 Qe7 26. Qh5 e4 27. Qg4 h5 28. Qf4 Qb4 29. Re1 Rd1 30. Rxd1 Rxd1+ 31. Ke2 Qxb2+ 32. Kxd1 Qxc3 33. Qxe4 Qa1+ 34. Kc2 Qxa2+ 35. Kc3 Qxf2 36. Qa8+ Kh7 37. Qxa6 Qg3+ 0-1

[Event "SVK-chT1W 1819"]
[White "Barczi, Tibor"]
[Black "Janos, Jozef"]
[Site "Slovakia"]
[Round "3.4"]
[Result "1-0"]
[Date "2018.11.24"]
[WhiteElo "2054"]
[BlackElo "2137"]
[PlyCount "87"]
[EventDate "2018.10.27"]
[EventType "team-tourn"]
[EventRounds "11"]
[EventCountry "SVK"]
[SourceTitle "CBM 187 Extra"]
[Source "ChessBase"]
[SourceDate "2018.11.04"]
[SourceVersion "1"]
[SourceVersionDate "2018.11.04"]
[SourceQuality "1"]
[WhiteTeam "Batorove Kosihy"]
[BlackTeam "Bratislava Slovan II"]
[WhiteTeamCountry "SVK"]
[BlackTeamCountry "SVK"]

1. e4 c5 2. Nf3 e6 3. c3 Nf6 4. e5 Nd5 5. d4 cxd4 6. cxd4 Nc6 7. Nc3 Nxc3 8. bxc3 d6 9. exd6 Bxd6 10. Bd3 h6 11. 0-0 0-0 12. Qe2 Re8 13. Rb1 Qc7 14. Rb5 Bd7 15. Rh5 Bf8 16. Qe4 f5 17. Qh4 Qd8 18. Qg3 Kf7 19. Bc4 Qf6 20. Qc7 Red8 21. d5 exd5 22. Bxd5+ Kg6 23. Rh4 Bd6 24. Qxb7 Rab8 25. Qa6 Ne7 26. Bc4 Bc6 27. Rh3 Rbc8 28. Re1 Bd5 29. Bd3 Qxc3 30. Bd2 Qf6 31. Be3 Bc5 32. Rg3+ Kh7 33. Bxc5 Bxf3 34. Qxf6 gxf6 35. Rxe7+ Kh8 36. gxf3 Rxc5 37. f4 Rd4 38. Rxa7 Rxf4 39. Ra8+ Kh7 40. Ra7+ Kh8 41. Rg6 Rc3 42. Rxh6+ Kg8 43. Rg6+ Kh8 44. Rd7 1-0

[Event "SVK-chT1W 1819"]
[White "Martiska, Peter"]
[Black "Barczi, Tibor"]
[Site "Slovakia"]
[Round "1.2"]
[Result "0-1"]
[Date "2018.10.27"]
[WhiteElo "2218"]
[BlackElo "2048"]
[PlyCount "82"]
[EventDate "2018.10.27"]
[EventType "team-tourn"]
[EventRounds "11"]
[EventCountry "SVK"]
[SourceTitle "CBM 187 Extra"]
[Source "ChessBase"]
[SourceDate "2018.11.04"]
[SourceVersion "1"]
[SourceVersionDate "2018.11.04"]
[SourceQuality "1"]
[WhiteTeam "Nitra ASK"]
[BlackTeam "Batorove Kosihy"]
[WhiteTeamCountry "SVK"]
[BlackTeamCountry "SVK"]

1. d4 c5 2. c3 cxd4 3. cxd4 d5 4. Nc3 Nf6 5. Nf3 Nc6 6. Bf4 Bf5 7. e3 e6 8. Bb5 a6 9. Bxc6+ bxc6 10. Qa4 Qb6 11. 0-0 Nd7 12. Nd2 Be7 13. Qb3 0-0 14. Rfc1 Qa7 15. Na4 Rfc8 16. Rc3 c5 17. dxc5 Bf6 18. Bd6 Bxc3 19. Qxc3 Rc6 20. b4 Rac8 21. Qa3 Bc2 22. Nf3 e5 23. h3 Qb7 24. Nc3 Be4 25. Nxe4 dxe4 26. Ng5 Rxd6 27. cxd6 h6 28. Nxf7 Kxf7 29. Qb2 Kf6 30. Rd1 Qc6 31. Qa3 Qc2 32. Rf1 Qd3 33. Qa4 Ke6 34. a3 g5 35. Re1 Qd2 36. Qb3+ Qd5 37. Qb1 Qd3 38. Qa2+ Qd5 39. Qb1 Qd3 40. Qa2+ Qc4 41. Qd2 Qc2 0-1

[Event "SVK-chT2B 1819"]
[White "Kukucka, Matej"]
[Black "Barczi, Tibor"]
[Site "Slovakia"]
[Round "1.2"]
[Result "1-0"]
[Date "2018.10.13"]
[WhiteElo "2103"]
[BlackElo "2038"]
[PlyCount "43"]
[EventDate "2018.10.13"]
[EventType "team-tourn"]
[EventRounds "11"]
[EventCountry "SVK"]
[SourceTitle "CBM 187 Extra"]
[Source "ChessBase"]
[SourceDate "2018.11.04"]
[SourceVersion "1"]
[SourceVersionDate "2018.11.04"]
[SourceQuality "1"]
[WhiteTeam "Povazske Podhradie"]
[BlackTeam "Batorove Kosihy II"]
[WhiteTeamCountry "SVK"]
[BlackTeamCountry "SVK"]

1. d4 c5 2. d5 e5 3. e4 d6 4. Nc3 Be7 5. h3 Bg5 6. Bxg5 Qxg5 7. Nf3 Qg6 8. a4 Ne7 9. g4 Nd7 10. Bd3 a6 11. Qe2 Nf6 12. 0-0-0 h6 13. Kb1 Qh7 14. Nh4 g5 15. Nf5 Nxf5 16. exf5 h5 17. h4 Nxg4 18. Ne4 Kd7 19. f3 Qg7 20. fxg4 hxg4 21. Qxg4 Kc7 22. hxg5 1-0

[Event "SVK-chT2B 1718"]
[White "Jostic, Peter"]
[Black "Barczi, Tibor"]
[Site "Slovakia"]
[Round "10.3"]
[Result "1-0"]
[Date "2018.03.17"]
[WhiteElo "2085"]
[BlackElo "2056"]
[PlyCount "129"]
[EventDate "2017.10.28"]
[EventType "team-tourn"]
[EventRounds "11"]
[EventCountry "SVK"]
[SourceTitle "EXT 2020"]
[Source "ChessBase"]
[SourceDate "2019.10.17"]
[SourceVersion "1"]
[SourceVersionDate "2019.10.17"]
[SourceQuality "1"]
[WhiteTeam "Trencin"]
[BlackTeam "Batorove Kosihy"]
[WhiteTeamCountry "SVK"]
[BlackTeamCountry "SVK"]

1. e4 e6 2. d4 d5 3. Nc3 dxe4 4. Nxe4 Nf6 5. Bg5 Be7 6. Bxf6 Bxf6 7. Nf3 Bd7 8. Bd3 Bc6 9. Qe2 Bxe4 10. Bxe4 c6 11. 0-0-0 Qa5 12. Kb1 Nd7 13. Rd3 0-0-0 14. Ra3 Qb6 15. Rd1 Kb8 16. Rdd3 Nc5 17. Rd2 Nxe4 18. Qxe4 Qb5 19. Rdd3 g5 20. Qe1 Be7 21. Ra5 Bb4 22. Rxb5 Bxe1 23. Rxg5 Bxf2 24. Kc1 Rdg8 25. g3 f6 26. Rxg8+ Rxg8 27. Kd1 e5 28. dxe5 fxe5 29. Nxe5 Re8 30. Ng4 Bg1 31. h4 Re7 32. h5 Kc7 33. Rf3 Bc5 34. Nh6 Kd7 35. g4 Ke6 36. g5 Bd4 37. c3 Be5 38. Ng4 Bg7 39. g6 hxg6 40. h6 Rd7+ 41. Ke2 Bh8 42. Rf8 Rh7 43. Ke3 Ke7 44. Rb8 Ke6 45. Ke4 Bf6 46. Rg8 Kf7 47. Ra8 Bg5 48. Rxa7 Ke6 49. a4 Kd6 50. a5 Rf7 51. a6 Rf4+ 52. Kd3 Rxg4 53. h7 Bf6 54. Rxb7 Ra4 55. a7 g5 56. c4 Ke6 57. b4 g4 58. Rc7 Kd6 59. Rf7 Be5 60. Ke4 g3 61. Rf8 g2 62. Rg8 Rxa7 63. Rg6+ Ke7 64. Kxe5 Ra8 65. Rg7+ 1-0

[Event "SVK-chT2B 1718"]
[White "Barczi, Tibor"]
[Black "Jurik, Karol"]
[Site "Slovakia"]
[Round "4.2"]
[Result "1-0"]
[Date "2017.11.26"]
[WhiteElo "2062"]
[BlackElo "1878"]
[PlyCount "93"]
[EventDate "2017.10.28"]
[EventType "team-tourn"]
[EventRounds "11"]
[EventCountry "SVK"]
[SourceTitle "CBM 181 Extra"]
[Source "ChessBase"]
[SourceDate "2017.12.12"]
[SourceVersion "1"]
[SourceVersionDate "2017.12.12"]
[SourceQuality "1"]
[WhiteTeam "Batorove Kosihy"]
[BlackTeam "Lehota pod Vtacnikom"]
[WhiteTeamCountry "SVK"]
[BlackTeamCountry "SVK"]

1. e4 c5 2. Nf3 Nc6 3. d4 cxd4 4. Nxd4 Nxd4 5. Qxd4 d6 6. Nc3 e5 7. Qb4 Ne7 8. Be3 Nc6 9. Qb3 Be7 10. Nd5 0-0 11. Nxe7+ Qxe7 12. Bd3 Be6 13. c4 Na5 14. Qb5 b6 15. 0-0 Nb7 16. Rad1 Nc5 17. Bb1 Qc7 18. Qb4 a5 19. Qc3 Na4 20. Qa3 Nc5 21. b3 Qc6 22. f3 f5 23. exf5 Bxf5 24. Bxf5 Rxf5 25. Rd5 Rf6 26. Rfd1 Rg6 27. h3 Rf8 28. Kh2 h6 29. Qb2 Re6 30. Qd2 Rff6 31. Re1 Qc7 32. Kh1 Rf8 33. Bf2 Rff6 34. Qc3 Rg6 35. a3 Rgf6 36. b4 axb4 37. axb4 Nd7 38. Red1 e4 39. Bd4 Rf7 40. Re1 Rfe7 41. fxe4 Rxe4 42. Rxe4 Rxe4 43. Qg3 Ne5 44. c5 Rxd4 45. Rxd4 bxc5 46. bxc5 Qxc5 47. Qf4 1-0

[Event "SVK-chT2B 1718"]
[White "Barczi, Tibor"]
[Black "Hanko, Pavol"]
[Site "Slovakia"]
[Round "3.3"]
[Result "1-0"]
[Date "2017.11.25"]
[WhiteElo "2062"]
[BlackElo "2073"]
[PlyCount "47"]
[EventDate "2017.10.28"]
[EventType "team-tourn"]
[EventRounds "11"]
[EventCountry "SVK"]
[SourceTitle "CBM 181 Extra"]
[Source "ChessBase"]
[SourceDate "2017.12.12"]
[SourceVersion "1"]
[SourceVersionDate "2017.12.12"]
[SourceQuality "1"]
[WhiteTeam "Batorove Kosihy"]
[BlackTeam "Prievidza"]
[WhiteTeamCountry "SVK"]
[BlackTeamCountry "SVK"]

1. e4 c5 2. Nf3 e6 3. c3 Nf6 4. e5 Nd5 5. d4 cxd4 6. cxd4 Nc6 7. Nc3 Nxc3 8. bxc3 d6 9. exd6 Bxd6 10. Bd3 Ne7 11. 0-0 Ng6 12. Rb1 a6 13. a4 Qc7 14. c4 0-0 15. c5 Bf4 16. Ba3 Re8 17. g3 Bh6 18. Be4 Ne7 19. Ne5 Nd5 20. Qf3 Rd8 21. Nxf7 Qxf7 22. Bxh7+ Kf8 23. c6+ Ke8 24. Bg6 1-0

[Event "SVK-chT2B 1617"]
[White "Detko, Jan"]
[Black "Barczi, Tibor"]
[Site "Slovakia"]
[Round "11.2"]
[Result "1-0"]
[Date "2017.03.12"]
[WhiteElo "2120"]
[BlackElo "2120"]
[PlyCount "77"]
[EventDate "2016.10.08"]
[EventType "team-tourn"]
[EventRounds "11"]
[EventCountry "SVK"]
[SourceTitle "EXT 2018"]
[Source "ChessBase"]
[SourceDate "2017.10.13"]
[SourceVersion "1"]
[SourceVersionDate "2017.10.13"]
[SourceQuality "1"]
[WhiteTeam "Prievidza II"]
[BlackTeam "Batorove Kosihy"]
[WhiteTeamCountry "SVK"]
[BlackTeamCountry "SVK"]

1. e4 c6 2. d4 d5 3. e5 Bf5 4. h4 h5 5. Bd3 Bxd3 6. Qxd3 e6 7. Bg5 Qb6 8. Nd2 Qxb2 9. Rb1 Qxa2 10. Rxb7 Nd7 11. Ngf3 Qa1+ 12. Rb1 Qa5 13. 0-0 c5 14. c4 cxd4 15. cxd5 Qxd5 16. Qa6 f6 17. Rfc1 Bc5 18. Rb5 fxg5 19. Nxg5 Qxe5 20. Nxe6 Qd6 21. Qa2 Ne7 22. Nxg7+ Kf8 23. Ne6+ Ke8 24. Nxc5 Qc6 25. Qb2 Rg8 26. g3 a6 27. Nb7 Qf6 28. Rg5 Rxg5 29. hxg5 Qxg5 30. Qxd4 Qd5 31. Nd6+ Kd8 32. Qh8+ Ng8 33. N2e4 Ke7 34. Qg7+ Kd8 35. Nf7+ Ke7 36. Ne5+ Ke6 37. Ng5+ Kf5 38. Nxd7 Rd8 39. Rc5 1-0

[Event "SVK-chT2B 1617"]
[White "Barczi, Tibor"]
[Black "Srvatka, Igor"]
[Site "Slovakia"]
[Round "10.2"]
[Result "0-1"]
[Date "2017.03.11"]
[WhiteElo "2120"]
[BlackElo "2182"]
[PlyCount "78"]
[EventDate "2016.10.08"]
[EventType "team-tourn"]
[EventRounds "11"]
[EventCountry "SVK"]
[SourceTitle "EXT 2018"]
[Source "ChessBase"]
[SourceDate "2017.10.13"]
[SourceVersion "1"]
[SourceVersionDate "2017.10.13"]
[SourceQuality "1"]
[WhiteTeam "Batorove Kosihy"]
[BlackTeam "Trencin"]
[WhiteTeamCountry "SVK"]
[BlackTeamCountry "SVK"]

1. e4 c5 2. Nf3 Nc6 3. d4 cxd4 4. Nxd4 Nf6 5. Nc3 d6 6. Be2 a6 7. Be3 e5 8. Nb3 Be6 9. a4 Rc8 10. 0-0 Be7 11. f4 exf4 12. Rxf4 0-0 13. Nd5 Bxd5 14. exd5 Ne5 15. Rb4 Qc7 16. c3 Nfd7 17. Nd4 Rfe8 18. Nf5 Bf8 19. Qc2 Nf6 20. Qb3 Qd7 21. Rf1 Rc7 22. Bb6 Rcc8 23. Ba5 b5 24. axb5 Qa7+ 25. b6 Qb7 26. c4 Rc5 27. Ra4 Ne4 28. Qe3 Nd7 29. Qd4 g6 30. Bd3 gxf5 31. Rxf5 Bg7 32. Qe3 Nxb6 33. Bxb6 Qxb6 34. b4 Rb5 35. c5 dxc5 36. bxc5 Rxc5 37. Rxe4 Rxe4 38. Bxe4 Rc1+ 39. Kf2 Bd4 0-1

[Event "SVK-chT2B 1617"]
[White "Laho, Maros"]
[Black "Barczi, Tibor"]
[Site "Slovakia"]
[Round "6.3"]
[Result "1/2-1/2"]
[Date "2016.12.04"]
[WhiteElo "2001"]
[BlackElo "2120"]
[PlyCount "45"]
[EventDate "2016.10.08"]
[EventType "team-tourn"]
[EventRounds "11"]
[EventCountry "SVK"]
[SourceTitle "EXT 2018"]
[Source "ChessBase"]
[SourceDate "2017.10.13"]
[SourceVersion "1"]
[SourceVersionDate "2017.10.13"]
[SourceQuality "1"]
[WhiteTeam "Surany Lokomotiva"]
[BlackTeam "Batorove Kosihy"]
[WhiteTeamCountry "SVK"]
[BlackTeamCountry "SVK"]

1. d4 c5 2. d5 e5 3. e4 d6 4. Nc3 a6 5. a4 f5 6. Nf3 Nf6 7. Bg5 h6 8. Bxf6 Qxf6 9. Nd2 f4 10. h4 Be7 11. Nc4 Nd7 12. a5 0-0 13. Be2 Qg6 14. Bf3 Rb8 15. h5 Qg5 16. Na4 Nf6 17. Nab6 Bg4 18. Ra3 Rbd8 19. Qe2 Rf7 20. Rb3 Kh7 21. Kd1 Rg8 22. Nd2 Bf8 23. Kc1 1/2-1/2

[Event "SVK-chT2B 1516"]
[White "Barczi, Tibor"]
[Black "Lecky, Juraj"]
[Site "Slovakia"]
[Round "11.5"]
[Result "1-0"]
[Date "2016.03.13"]
[WhiteElo "2109"]
[BlackElo "2077"]
[PlyCount "117"]
[EventDate "2015.10.17"]
[EventType "team-tourn"]
[EventRounds "11"]
[EventCountry "SVK"]
[SourceTitle "EXT 2019"]
[Source "ChessBase"]
[SourceDate "2018.10.10"]
[SourceVersion "1"]
[SourceVersionDate "2018.10.10"]
[SourceQuality "1"]
[WhiteTeam "Batorove Kosihy"]
[BlackTeam "Levice"]
[WhiteTeamCountry "SVK"]
[BlackTeamCountry "SVK"]

1. e4 c5 2. Nf3 d6 3. d4 cxd4 4. Nxd4 Nf6 5. Nc3 a6 6. Be2 e6 7. Be3 Be7 8. a4 0-0 9. a5 Nc6 10. Nb3 Bd7 11. 0-0 Rc8 12. f3 Qc7 13. Na4 Qb8 14. Nb6 Rcd8 15. c3 Be8 16. Qe1 d5 17. Nc5 d4 18. cxd4 Nxd4 19. Bxd4 Rxd4 20. Qc3 Bxc5 21. Qxc5 Rd2 22. Rfe1 Bc6 23. b4 Rfd8 24. Qc3 Qf4 25. Ra3 Qg5 26. g3 Qh6 27. Nc4 R2d4 28. Ne5 Bb5 29. Bxb5 axb5 30. Ra2 Qh5 31. Qc7 Ne8 32. Qc5 f6 33. Nd7 Qxc5 34. Nxc5 Rb8 35. Nxe6 Rxb4 36. Rd1 Kf7 37. Rd8 Rxd8 38. Nxd8+ Ke7 39. Nxb7 Ra4 40. Rd2 b4 41. Kf2 b3 42. Nc5 Rxa5 43. Rd7+ Kf8 44. Nxb3 Rb5 45. Nd4 Rb2+ 46. Ke3 Rxh2 47. Ne6+ Kg8 48. Re7 Rb2 49. Rxe8+ Kf7 50. Nc7 Rb3+ 51. Kf4 g5+ 52. Kg4 h5+ 53. Kxh5 Rxf3 54. Kg4 Rc3 55. Nd5 Rc4 56. Re7+ Kg6 57. Re6 Rxe4+ 58. Rxe4 f5+ 59. Kf3 1-0

[Event "SVK-chT2B 1516"]
[White "Barczi, Tibor"]
[Black "Kijac, Miroslav"]
[Site "Slovakia"]
[Round "9.3"]
[Result "1-0"]
[Date "2016.02.14"]
[WhiteElo "2098"]
[BlackElo "2134"]
[PlyCount "81"]
[EventDate "2015.10.17"]
[EventType "team-tourn"]
[EventRounds "11"]
[EventCountry "SVK"]
[SourceTitle "EXT 2019"]
[Source "ChessBase"]
[SourceDate "2018.10.10"]
[SourceVersion "1"]
[SourceVersionDate "2018.10.10"]
[SourceQuality "1"]
[WhiteTeam "Batorove Kosihy"]
[BlackTeam "Trencin PK"]
[WhiteTeamCountry "SVK"]
[BlackTeamCountry "SVK"]

1. e4 e6 2. d4 d5 3. e5 c5 4. c3 Qb6 5. Nf3 Bd7 6. Bd3 Bb5 7. dxc5 Bxc5 8. 0-0 Bxd3 9. Qxd3 a5 10. b3 Ne7 11. Na3 Nbc6 12. Nb5 Ng6 13. a4 Ncxe5 14. Nxe5 Nxe5 15. Qg3 Ng6 16. Nc7+ Ke7 17. Nxa8 Rxa8 18. Be3 Bxe3 19. Qxe3 Qxe3 20. fxe3 Rc8 21. Rac1 Ne5 22. Rfd1 Rc6 23. Rd4 f5 24. h3 Rb6 25. b4 Nc4 26. bxa5 Rb2 27. g4 Nd2 28. Rf4 fxg4 29. hxg4 Ne4 30. c4 Ng5 31. Kf1 Rh2 32. Ke1 Kd6 33. cxd5 e5 34. Rf2 Rh1+ 35. Rf1 Rh2 36. Rb1 Kxd5 37. Rxb7 Ke4 38. Rf2 Rh3 39. a6 Rh6 40. a7 Ra6 41. Rf8 1-0